00325nam a2200133 a 45000010010000000030011000100080041000210350026000620820018000881000019001062450024001252600034001496500008001830000-8996ELIB.Books110520 1988  a(ELIB.Books)0000-9145 a231.044 bBof aBoff, Leonardo aTrinity and Society bMaryknoll: Orbis Books c1988 aGod